Pays les plus visités par les italiens - Statistiques

Statistiques générales
  • Ce quiz a été pris 649 fois
  • Le résultat moyen est 5 sur 5
Statistiques - réponses
No.touristes Destination % Correct
5,280,533 France
100%
2,312,462 Espagne
98%
2,145,643 Allemagne
92%
1,706,266 Suisse
89%
1,423,026 Royaume-Uni
85%
Aucun quiz correspondant
Distribution des résultats
% des personnes avec chaque résultat
Percentile par nombre de réponses
Votre historique - résultats
Vous n’avez pas pris ce quiz